Normal view
MARC view
- Science - Periodicals
Entry Topical Term
001 - CONTROL NUMBER
- control field: 35298
003 - CONTROL NUMBER IDENTIFIER
- control field: NUST
005 - DATE AND TIME OF LATEST TRANSACTION
- control field: 20201116151125.0
008 - FIXED-LENGTH DATA ELEMENTS
- fixed length control field: 201116|| aca||aabn | a|a d
040 ## - CATALOGING SOURCE
- Original cataloging agency: NUST
- Transcribing agency: NUST
150 ## - HEADING--TOPICAL TERM
- Topical term or geographic name entry element: Science - Periodicals
670 ## - SOURCE DATA FOUND
- Source citation: Work cat.: (NUST): Scientific American
